Đánh giá hiệu quả mô hình ứng dụng kỹ thuật mới trong canh tác tôm sú - lúa tại huyện An Minh, tỉnh Kiên Giang : Thị Cành ; Dương Ngọc Thành (Hướng dẫn khoa học),Luận văn Thạc sĩ Khoa học. Chuyên ngành: Phát triển nông thôn
Đề tài giới thiệu tổng quan điều kiện tự nhiên, kinh tế xã hội của tỉnh Kiên Giang, nghiên cứu về mô hình tôm lúa, đánh giá hiệu quả mô hình ứng dụng kỹ thuật mới trong canh tác tôm sú-lúa tại huyện An Minh tỉnh Kiên Giang....
Đã lưu trong:
| 主要作者: | |
|---|---|
| 格式: | 圖書 |
| 語言: | Undetermined |
| 出版: |
Cần Thơ
Đại học Cần Thơ
2011
|
| 主題: | |
| 標簽: |
添加標簽
沒有標簽, 成為第一個標記此記錄!
|
| Thư viện lưu trữ: | Trung tâm Học liệu Trường Đại học Cần Thơ |
|---|
| LEADER | 01306nam a2200217Ia 4500 | ||
|---|---|---|---|
| 001 | CTU_172629 | ||
| 008 | 210402s9999 xx 000 0 und d | ||
| 082 | |a 338.16 | ||
| 082 | |b C107 | ||
| 088 | |a 60620116 | ||
| 100 | |a Thị, Cành | ||
| 245 | 0 | |a Đánh giá hiệu quả mô hình ứng dụng kỹ thuật mới trong canh tác tôm sú - lúa tại huyện An Minh, tỉnh Kiên Giang : | |
| 245 | 0 | |b Thị Cành ; Dương Ngọc Thành (Hướng dẫn khoa học),Luận văn Thạc sĩ Khoa học. Chuyên ngành: Phát triển nông thôn | |
| 260 | |a Cần Thơ | ||
| 260 | |b Đại học Cần Thơ | ||
| 260 | |c 2011 | ||
| 520 | |a Đề tài giới thiệu tổng quan điều kiện tự nhiên, kinh tế xã hội của tỉnh Kiên Giang, nghiên cứu về mô hình tôm lúa, đánh giá hiệu quả mô hình ứng dụng kỹ thuật mới trong canh tác tôm sú-lúa tại huyện An Minh tỉnh Kiên Giang. | ||
| 650 | |a Rice,Lúa gạo,Shrimp culture,Agriculture,Nông nghiệp,Nuôi tôm | ||
| 650 | |x Research,Nghiên cứu,Economic aspects,Khía cạnh kinh tế | ||
| 904 | |i Hồng Cẩm, Năm | ||
| 980 | |a Trung tâm Học liệu Trường Đại học Cần Thơ | ||